Trofej (už siedmykrát!) do Košíc! záverečný turnaj Slovenského pohára '98 v hádzanej mužov

Bibliographic Details
Main Author: Simonides, Zdeno (Author)
Format: Article
Language:Slovak
Subjects:

MARC

LEADER 00000nab a2200000 a 4500
001 vtls000658633
003 SK-MaSNL
005 20260302183526.0
008 180206c1998 xo 0 slo
015 |a SNBRB1998/06-15807 
035 |a CLN000010825 
040 |a SNKBUCL  |b slo  |c SNKBUCL  |e AACR2 
041 0 |a slo 
044 |a xo  |c SK 
080 |a 796.322.093.1(437.6)  |2 UDC-MRF-SK2 
100 1 |a Simonides, Zdeno  |4 aut  |9 267849 
245 1 0 |a Trofej (už siedmykrát!) do Košíc!  |b záverečný turnaj Slovenského pohára '98 v hádzanej mužov  |c Martin Simonides 
650 0 7 |a hádzaná  |x muži  |x Slovenský pohár  |z Topoľčany (Slovensko)  |y 1998  |2 snkbucl  |9 897269 
655 7 |a články z novín a časopisov  |2 snkbucl  |9 267496 
773 0 |t Šport  |g Roč. 52, č. 124 (1.6.1998), s. 13 
850 |a Slovenská národná knižnica v Martine 
852 |a SNK  |b KIS3GCP 
958 |a RBX 
999 |c 1422021  |d 1423951